Expressions latines (tout petit quiz) - Statistiques

Statistiques générales
  • Ce quiz a été pris 304 fois
  • Le résultat moyen est 56 sur 60
Statistiques - réponses
Question Tuile Select % Correct
Faire table rase ? Non
97%
Pour l'éternité ? Non
97%
Faire table rase A priori Non
97%
Pour l'éternité A priori Non
97%
Pour l'éternité Je ne sais pas Non
97%
Faire table rase Quo vadis Non
97%
Pour l'éternité Quo vadis Non
97%
Pour l'éternité Sine qua non Non
97%
Pour l'éternité Statu quo Non
97%
Où vas-tu? Tabula rasa Non
97%
Pour l'éternité Tabula rasa Non
97%
Pour l'éternité Vae victis Non
97%
Pour l'éternité Vice versa Non
97%
Malheur aux vaincus ? Non
96%
Où vas-tu? Ad vitam aeternam Non
96%
Malheur aux vaincus A priori Non
96%
Faire table rase Je ne sais pas Non
96%
Faire table rase Sine qua non Non
96%
Malheur aux vaincus Sine qua non Non
96%
Pour l'éternité Vade mecum Non
96%
Faire table rase Vae victis Non
96%
Faire table rase Vice versa Non
96%
Malheur aux vaincus Vice versa Non
96%
Réciproquement ? Non
95%
Faire table rase Ad vitam aeternam Non
95%
Réciproquement Ad vitam aeternam Non
95%
Où vas-tu? A priori Non
95%
Réciproquement A priori Non
95%
Où vas-tu? Je ne sais pas Non
95%
Malheur aux vaincus Je ne sais pas Non
95%
Où vas-tu? Sine die Non
95%
Faire table rase Sine die Non
95%
Où vas-tu? Sine qua non Non
95%
Où vas-tu? Statu quo Non
95%
Faire table rase Statu quo Non
95%
Malheur aux vaincus Statu quo Non
95%
Malheur aux vaincus Tabula rasa Non
95%
Réciproquement Tabula rasa Non
95%
Réciproquement Vade mecum Non
95%
Réciproquement Vae victis Non
95%
Où vas-tu? Vice versa Non
95%
Réciproquement Je ne sais pas Non
94%
Réciproquement Quo vadis Non
94%
Malheur aux vaincus Quo vadis Non
93%
Malheur aux vaincus Sine die Non
93%
Réciproquement Statu quo Non
93%
Faire table rase Vade mecum Non
93%
Malheur aux vaincus Ad vitam aeternam Non
91%
Réciproquement Sine die Non
91%
Où vas-tu? Vade mecum Non
91%
Où vas-tu? ? Non
90%
Pour l'éternité Sine die Non
90%
Pour l'éternité Ad vitam aeternam Oui
87%
Faire table rase Tabula rasa Oui
87%
Où vas-tu? Vae victis Non
86%
Réciproquement Sine qua non Non
85%
Où vas-tu? Quo vadis Oui
78%
Malheur aux vaincus Vade mecum Non
74%
Réciproquement Vice versa Oui
74%
Malheur aux vaincus Vae victis Oui
60%
Aucun quiz correspondant
Distribution des résultats
% des personnes avec chaque résultat
Percentile par nombre de réponses
Votre historique - résultats
Vous n’avez pas pris ce quiz